Starting out your APC journey (Record no. 121103)
[ view plain ]
| 000 -LEADER | |
|---|---|
| fixed length control field | 00738nas a22001817a 4500 |
| 001 - CONTROL NUMBER | |
| control field | K121103 |
| 007 - PHYSICAL DESCRIPTION FIXED FIELD--GENERAL INFORMATION | |
| fixed length control field | ta |
| 008 - FIXED-LENGTH DATA ELEMENTS--GENERAL INFORMATION | |
| fixed length control field | 190823b2019 ||||| |||| 00| 0 eng d |
| 041 ## - LANGUAGE CODE | |
| Language code of text/sound track or separate title | eng |
| 100 ## - MAIN ENTRY--PERSONAL NAME | |
| Personal author | Charlwood, Ralph |
| 245 ## - TITLE STATEMENT | |
| Title | Starting out your APC journey |
| 490 ## - SERIES TITLE | |
| Series statement | Estates Gazette |
| Volume | (1931) 3 August 2019, 44-45 |
| 520 ## - ABSTRACT | |
| Abstract | Advises RICS Assessment of Professional Competencies (APC) new candidates on what to expect. Highlights the importance of professional work experience, support network including a counsellor, familiarity with RICS APC guidance, awareness of routes, pathways and competencies and managing expectations. |
| 650 ## - KEYWORDS | |
| Keywords | Pathways |
| 650 ## - KEYWORDS | |
| Keywords | Competences |
| 651 ## - SUBJECT ADDED ENTRY--GEOGRAPHIC NAME | |
| Geographic name | United Kingdom 1973 |
| 690 ## - LOCAL SUBJECT ADDED ENTRY--TOPICAL TERM (OCLC, RLIN) | |
| 9 (RLIN) | 6216 |
| Topical term or geographic name as entry element | APC |
| Withdrawn status | Lost status | Damaged status | Not for loan | Home library | Current library | Shelving location | Date acquired | Total Checkouts | Date last seen | Price effective from | Koha item type |
|---|---|---|---|---|---|---|---|---|---|---|---|
| London | London | Journals | 23/08/2019 | 23/08/2019 | 23/08/2019 | Journal article |